| Tag |
First Indicator |
Second Indicator |
Subfields |
| LEADER |
00000cam a2200000 a 4500 |
| 001 |
in00000020031 |
| 005 |
20151007053811.0 |
| 008 |
880222s1987 kyua b s00010 eng d |
| 035 |
|
|
|a (OCoLC)17512129
|
| 035 |
|
|
|9 AAB2863AM
|
| 040 |
|
|
|a MUU
|c MUU
|d AGX
|d TXA
|d UtOrBLW
|
| 049 |
|
|
|a TXAM
|c [A11072334]
|
| 050 |
|
4 |
|a HD9049.S59
|b A33 1987
|
| 072 |
|
0 |
|a F120
|a E300
|
| 100 |
1 |
|
|a Adelski, Elizabeth.
|
| 245 |
1 |
0 |
|a Sorghum production in the small farmer sector of Sinaloa, Mexico /
|c Elizabeth Adelski.
|
| 264 |
|
1 |
|a Lexington, Ky. :
|b Dept. of Sociology, College of Agriculture, University of Kentucky,
|c [1987]
|
| 300 |
|
|
|a 50 pages :
|b illustrations ;
|c 28 cm.
|
| 336 |
|
|
|a text
|b txt
|2 rdacontent
|
| 337 |
|
|
|a unmediated
|b n
|2 rdamedia
|
| 338 |
|
|
|a volume
|b nc
|2 rdacarrier
|
| 500 |
|
|
|a "January 1987."
|
| 500 |
|
|
|a "INTSORMIL Contract Number AID/DSAN-G-0149."
|
| 504 |
|
|
|a Bibliography: pages 48-50.
|
| 650 |
|
0 |
|a Sorghum industry
|z Mexico
|z Sinaloa (State)
|
| 651 |
|
0 |
|a Sinaloa (Mexico : State)
|x Economic conditions.
|
| 710 |
2 |
|
|a University of Kentucky.
|b Department of Sociology.
|
| 710 |
2 |
|
|a University of Kentucky.
|b College of Agriculture.
|
| 999 |
|
|
|a MARS
|
| 999 |
f |
f |
|s f5866715-5488-39e7-b607-ac352a9c2e05
|i 7011946c-566d-3496-9f9c-dde7660ebcc7
|t 0
|
| 952 |
f |
f |
|p ric
|a Texas A&M University
|b Rellis Campus
|c Joint Library Facility
|d Remote Storage
|t 0
|e HD9049.S59 A33 1987
|h Library of Congress classification
|i unmediated -- volume
|m A14811072334
|
| 998 |
f |
f |
|a HD9049.S59 A33 1987
|t 0
|l Remote Storage
|